| 000 -LEADER |
| fixed length control field |
00824nam a22002417a 4500 |
| 005 - DATE AND TIME OF LATEST TRANSACTION |
| control field |
20230112092907.0 |
| 008 - FIXED-LENGTH DATA ELEMENTS--GENERAL INFORMATION |
| fixed length control field |
230112b ||||| |||| 00| 0 eng d |
| 020 ## - INTERNATIONAL STANDARD BOOK NUMBER |
| International Standard Book Number |
9789673851119 |
| 040 ## - CATALOGING SOURCE |
| Transcribing agency |
KH8 |
| 082 ## - DEWEY DECIMAL CLASSIFICATION NUMBER |
| Classification number |
FIC AIR |
| 245 ## - TITLE STATEMENT |
| Title |
Lost in the Jurassic : |
| Remainder of title |
the early to mid Jurassic Period/ |
| Statement of responsibility, etc. |
Redcode, Albbie, Air Team |
| 260 ## - PUBLICATION, DISTRIBUTION, ETC. |
| Place of publication, distribution, etc. |
Kuala Lumpur: |
| Name of publisher, distributor, etc. |
Gala Unggul Resources Sdn. Bhd., |
| Date of publication, distribution, etc. |
2012, |
| 300 ## - PHYSICAL DESCRIPTION |
| Extent |
182 pages : |
| Other physical details |
chiefly color illustrations ; |
| Dimensions |
20 cm. |
| 440 ## - SERIES STATEMENT/ADDED ENTRY--TITLE |
| Title |
X-Venture Xplorers |
| 500 ## - GENERAL NOTE |
| General note |
"Gempak Starz"--Spine<br/>"Original Chinese edition published in January 2012 by Gala Unggul Resources Sdn. Bhd."--Colophon |
| 650 ## - SUBJECT ADDED ENTRY--TOPICAL TERM |
| Topical term or geographic name entry element |
Paleontology |
| 650 ## - SUBJECT ADDED ENTRY--TOPICAL TERM |
| Topical term or geographic name entry element |
Historical geology |
| 650 ## - SUBJECT ADDED ENTRY--TOPICAL TERM |
| Topical term or geographic name entry element |
Comics (Graphic works) |
| 700 ## - ADDED ENTRY--PERSONAL NAME |
| Personal name |
Redcode |
| 700 ## - ADDED ENTRY--PERSONAL NAME |
| Personal name |
Air Team |
| 700 ## - ADDED ENTRY--PERSONAL NAME |
| Personal name |
Albbie |
| 942 ## - ADDED ENTRY ELEMENTS (KOHA) |
| Source of classification or shelving scheme |
|
| Koha item type |
Books - Fiction |